Porovnanie elektroiskrového a elektrochemického obrábania

Bibliographic Details
Format: Article
Language:Slovak

MARC

LEADER 00000nab a2200000uu 4500
001 vtls011132217
003 SK-MaSNL
005 20260225210036.0
008 230222|1971 xo |||||||||||||||||slo|
015 |a SNBRB 
035 |a (uuid)996f3156-6fb2-4bb2-a126-67b6ed01b463 
035 |a (urnnbn)urn:nbn:sk:snk:ar-a09mf5 
035 |a urn:nbn:sk:snk-abaa2v 
040 |a SNKBUCL  |b slo  |c SNKBUCL  |e AACR2 
041 0 |a slo 
044 |a xo  |c SK 
245 0 0 |a Porovnanie elektroiskrového a elektrochemického obrábania 
773 0 |t Trend VUMA : vedeckotechnický časopis : časopis pre odbory : montáž v strojárstve - elektrické metódy obrábania - ultrazvuk  |g Roč. 3, č. 2 (1971), s. 60-62 
954 |a odborná, vedecká literatúra pôvodná (slovenská)  |2 lita 
958 |a OND 
958 |a EUIPO 
958 |a article13 
999 |c 2015270  |d 2017200